000 00317nam a22001457a 4500
020 _a978-81-291-1995-7
082 _a001
_bBRI/S
100 _aBRIEN, TERRY O
245 _aTHE STUDENTS COMPANION
260 _aDELHI
_bRUPA PUBLICATIONS
300 _a266
520 _aQUIZ
650 _aQUIZ
_zNEW DELHI
942 _cBK
999 _c6087
_d6087